[Event "15MCR_F"]
[Site "?"]
[Date "2001.??.??"]
[Round "?"]
[White "Svoboda, Frantisek"]
[Black "Foukal, Zdenek"]
[Result "1-0"]
[WhiteElo "2420"]
[BlackElo "2335"]
[PlyCount "89"]
[EventDate "2001.??.??"]
[EventType "corr"]
[Source "Chess Mail Ltd"]
[SourceDate "2005.07.27"]

1. c4 e5 2. Nc3 Bb4 3. Nd5 Bc5 4. Nf3 c6 5. Nc3 d6 6. d4 exd4 7. Nxd4 Nf6 8.
Nb3 Bb4 9. Qd4 Qb6 10. Be3 Nbd7 11. Rd1 O-O 12. Bf4 Qxd4 13. Rxd4 Re8 14. Bxd6
Bxd6 15. Rxd6 Ne5 16. e3 Be6 17. Nd2 Rad8 18. Rxd8 Rxd8 19. h3 h5 20. f4 Ned7
21. e4 Nc5 22. e5 Ne8 23. Be2 g6 24. b3 Bf5 25. Nf3 Nd3+ 26. Bxd3 Rxd3 27. Ne2
Ng7 28. Ned4 Be4 29. Kf2 Bxf3 30. Nxf3 Ne6 31. g3 h4 32. Nxh4 Rd2+ 33. Ke3 Rxa2
34. Nf3 Rb2 35. Nd2 Nc5 36. g4 a5 37. h4 Rc2 38. Rb1 b6 39. Ne4 Nxe4 40. Kxe4
Rh2 41. Rd1 Rxh4 42. Rd6 b5 43. Rxc6 bxc4 44. bxc4 Rxg4 45. c5 1-0

[Event "15MCR_F"]
[Site "?"]
[Date "2001.??.??"]
[Round "?"]
[White "Svoboda, Frantisek"]
[Black "Spal, Milan"]
[Result "0-1"]
[WhiteElo "2420"]
[BlackElo "2425"]
[PlyCount "108"]
[EventDate "2001.??.??"]
[EventType "corr"]
[Source "Chess Mail Ltd"]
[SourceDate "2005.07.27"]

1. c4 e5 2. Nc3 d6 3. g3 f5 4. d4 exd4 5. Qxd4 Nf6 6. Bg2 Nc6 7. Qd2 Ne5 8. b3
c6 9. Bb2 Be7 10. Nh3 O-O 11. O-O Bd7 12. Rfd1 Re8 13. Rac1 Nf7 14. Nf4 Bf8 15.
e3 Qe7 16. a4 a5 17. Ba3 Ne4 18. Nxe4 fxe4 19. Qe2 Bf5 20. g4 Bd7 21. Rd4 Qh4
22. h3 Re5 23. Rcd1 Rae8 24. Bb2 Bc8 25. Bc3 Ng5 26. R4d2 R5e7 27. Qf1 Rf7 28.
Rxd6 Bxg4 29. hxg4 Qxg4 30. Kh1 Qh4+ 31. Kg1 Bxd6 32. Rxd6 Nf3+ 33. Bxf3 exf3
34. Nh3 g5 35. Rd4 g4 36. c5 Qxh3 37. Qxh3 gxh3 38. Rg4+ Kf8 39. Bd4 Rf5 40.
Kh2 Re6 41. Kxh3 Rg6 42. Rxg6 hxg6 43. Kg4 Ke7 44. e4 Rh5 45. Be3 Ke6 46. Kxf3
Ke5 47. Bf4+ Kd4 48. e5 Rf5 49. Kg4 Kxc5 50. Bg3 b5 51. f4 Kb4 52. Bh4 Kxb3 53.
e6 Rf8 54. e7 Rg8 0-1

[Event "15MCR_F"]
[Site "?"]
[Date "2001.??.??"]
[Round "?"]
[White "Vrkoc, David"]
[Black "Doudera, Lubomir"]
[Result "1-0"]
[WhiteElo "2355"]
[BlackElo "2240"]
[PlyCount "95"]
[EventDate "2001.??.??"]
[EventType "corr"]
[Source "Chess Mail Ltd"]
[SourceDate "2005.07.27"]

1. c4 Nf6 2. Nc3 e5 3. g3 Bb4 4. Bg2 O-O 5. Nf3 Re8 6. O-O e4 7. Ng5 Bxc3 8.
dxc3 h6 9. Nh3 d6 10. Nf4 Bf5 11. Be3 Nbd7 12. Nd5 Ng4 13. Bf4 c6 14. Ne3 Nxe3
15. Bxe3 Nf6 16. b3 d5 17. cxd5 Nxd5 18. Bd4 Nc7 19. Qc2 Qg5 20. Be3 Qh5 21. c4
Bh3 22. Rad1 Bxg2 23. Kxg2 Re7 24. Rd2 b6 25. Rfd1 c5 26. Bf4 Rae8 27. h4 Ne6
28. Bd6 Nd4 29. Rxd4 cxd4 30. Bxe7 d3 31. exd3 Qf3+ 32. Kh2 Rxe7 33. dxe4 Rxe4
34. Rd8+ Kh7 35. a3 a5 36. Rd3 Qf5 37. Rc3 g6 38. f3 Re6 39. Qxf5 gxf5 40. c5
bxc5 41. Rxc5 Re3 42. Rxf5 Rxb3 43. Rxf7+ Kg6 44. Rf4 Rxa3 45. g4 Rb3 46. Kg3
Rb4 47. Rf5 a4 48. Ra5 1-0

[Event "15MCR_F"]
[Site "?"]
[Date "2001.??.??"]
[Round "?"]
[White "Vrkoc, David"]
[Black "Votypka, Miroslav"]
[Result "1-0"]
[WhiteElo "2355"]
[BlackElo "2355"]
[PlyCount "103"]
[EventDate "2001.??.??"]
[EventType "corr"]
[Source "Chess Mail Ltd"]
[SourceDate "2005.07.27"]

1. c4 e5 2. Nc3 Nf6 3. Nf3 Bb4 4. g3 O-O 5. Bg2 Re8 6. O-O c6 7. Qb3 a5 8. d4
e4 9. Ne1 d6 10. Nc2 h6 11. Bf4 Na6 12. a3 Bxc3 13. Qxc3 a4 14. b3 axb3 15.
Qxb3 Be6 16. Qxb7 Bxc4 17. Qxc6 Bxe2 18. Rfc1 d5 19. Ne3 Re6 20. Qc3 Re8 21.
Bh3 Bb5 22. Rab1 Bd7 23. Bxd7 Qxd7 24. Qc6 Red8 25. Rb7 Qxc6 26. Rxc6 Nb8 27.
Rcc7 Rxa3 28. Nf5 Ra1+ 29. Kg2 Nbd7 30. Ne7+ Kh7 31. Nc6 Rda8 32. Rxd7 Nxd7 33.
Rxd7 R1a6 34. Nb4 R8a7 35. Rxf7 Rxf7 36. Nxa6 g5 37. Be5 Rd7 38. Nc7 Rd8 39. g4
Kg6 40. f3 exf3+ 41. Kxf3 Rd7 42. Ke3 h5 43. gxh5+ Kxh5 44. Kd3 Kg6 45. Kc3 Kf5
46. Kb4 Ke4 47. Kc5 Rd8 48. Kc6 g4 49. Ne6 Rc8+ 50. Kd6 Rb8 51. Nc5+ Kf5 52.
Kxd5 1-0

[Event "15MCR_F"]
[Site "?"]
[Date "2001.??.??"]
[Round "?"]
[White "Svoboda, Frantisek"]
[Black "Hlavac, Rudolf"]
[Result "1-0"]
[WhiteElo "2420"]
[BlackElo "2350"]
[PlyCount "89"]
[EventDate "2001.??.??"]
[EventType "corr"]
[Source "Chess Mail Ltd"]
[SourceDate "2005.07.27"]

1. c4 e5 2. Nc3 Nf6 3. Nf3 Nc6 4. g3 d5 5. cxd5 Nxd5 6. Bg2 Nb6 7. O-O Be7 8.
a3 O-O 9. b4 Be6 10. Rb1 f6 11. d3 Nd4 12. Bb2 Nxf3+ 13. Bxf3 c6 14. Qc2 a5 15.
b5 cxb5 16. Nxb5 Rc8 17. Bc3 Nd5 18. Qb2 Nxc3 19. Nxc3 Qd7 20. Bxb7 Rc7 21. Ne4
Bf7 22. Ba6 Qa4 23. Ra1 Qc2 24. Qb6 Rc6 25. Qb7 Rc7 26. Qb6 Rc6 27. Qa7 Bd8 28.
Rac1 Qxc1 29. Rxc1 Rxc1+ 30. Kg2 Rc7 31. Qb6 Rc2 32. Qd6 Rc7 33. Nc5 Ra7 34.
Nd7 Re8 35. Bc4 Bxc4 36. dxc4 Kh8 37. c5 Be7 38. Qc6 Rd8 39. Nb6 Bf8 40. a4 h6
41. e4 Kh7 42. Nd5 Rb8 43. h4 Raa8 44. Nc7 Ra7 45. Ne6 1-0

[Event "15MCR_F"]
[Site "?"]
[Date "2001.??.??"]
[Round "?"]
[White "Svoboda, Frantisek"]
[Black "Straka, Zdenek"]
[Result "1/2-1/2"]
[WhiteElo "2420"]
[BlackElo "2355"]
[PlyCount "76"]
[EventDate "2001.??.??"]
[EventType "corr"]
[Source "Chess Mail Ltd"]
[SourceDate "2005.07.27"]

1. c4 e5 2. Nc3 Nc6 3. Nf3 Nf6 4. g3 Bb4 5. Nd5 Bc5 6. Bg2 d6 7. O-O O-O 8. e3
Bg4 9. h3 Bh5 10. g4 Bg6 11. d4 Bb6 12. dxe5 Nxd5 13. cxd5 Nxe5 14. Nxe5 dxe5
15. e4 Qd6 16. Qb3 f6 17. Bd2 Bc5 18. Rac1 Rfc8 19. Rc4 b6 20. Rfc1 Be8 21.
R4c2 c6 22. dxc6+ Bf7 23. Qf3 a5 24. a3 a4 25. Bb4 Rxc6 26. Bf1 Rc7 27. Bxc5
Rxc5 28. Rxc5 bxc5 29. Bc4 Rd8 30. Qe2 Qd2 31. Bxf7+ Kxf7 32. Qxd2 Rxd2 33.
Rxc5 Rxb2 34. Ra5 Rb3 35. Rxa4 Rxh3 36. Kg2 Rb3 37. f3 Kg6 38. Ra7 Kg5 1/2-1/2

[Event "15MCR_F"]
[Site "?"]
[Date "2001.??.??"]
[Round "?"]
[White "Svoboda, Frantisek"]
[Black "Vavrla, Zdenek"]
[Result "1-0"]
[WhiteElo "2420"]
[BlackElo "2320"]
[PlyCount "85"]
[EventDate "2001.??.??"]
[EventType "corr"]
[Source "Chess Mail Ltd"]
[SourceDate "2005.07.27"]

1. c4 e5 2. Nc3 Nf6 3. Nf3 Nc6 4. g3 d5 5. cxd5 Nxd5 6. Bg2 Nb6 7. O-O Be7 8.
a3 O-O 9. b4 Be6 10. Rb1 a6 11. d3 f5 12. Bb2 Bf6 13. Nd2 Qd6 14. Nb3 Rab8 15.
Nc5 Bf7 16. e3 Be7 17. Rc1 Qh6 18. Ne2 Bxc5 19. Rxc5 Nd7 20. Rc1 Nf6 21. Qc2
Nd5 22. Nc3 Rbd8 23. Na4 Rd6 24. Nc5 Rb8 25. Rce1 f4 26. exf4 exf4 27. Re4 Qh5
28. Rfe1 Rh6 29. h3 Rd6 30. Qc1 Qg6 31. Kh2 Qh6 32. Qc2 Qh5 33. Rc4 b5 34. Rce4
Rb6 35. Qd2 Qh6 36. Qe2 Qg6 37. gxf4 Rd8 38. Rg1 Nf6 39. Bh1 Qh6 40. Qe3 Kh8
41. Ne6 Rg8 42. f5 Qxe3 43. fxe3 1-0

[Event "15MCR_F"]
[Site "?"]
[Date "2001.??.??"]
[Round "?"]
[White "Ridky, Vladimir"]
[Black "Masek, Jan"]
[Result "1-0"]
[WhiteElo "2275"]
[BlackElo "2330"]
[PlyCount "57"]
[EventDate "2001.??.??"]
[EventType "corr"]
[Source "Chess Mail Ltd"]
[SourceDate "2005.07.27"]

1. d4 Nf6 2. Bg5 g6 3. Bxf6 exf6 4. e3 Bg7 5. g3 f5 6. Bg2 O-O 7. Ne2 d6 8. O-O
Nd7 9. c4 Nf6 10. Nbc3 Re8 11. Qd3 c6 12. b4 Qe7 13. a4 Be6 14. Nf4 g5 15. Nxe6
fxe6 16. a5 d5 17. a6 Ne4 18. Rfc1 Rab8 19. b5 Rec8 20. axb7 Qxb7 21. bxc6 Rxc6
22. Rcb1 Qc8 23. Rxb8 Qxb8 24. Nxe4 fxe4 25. Qa3 Bf8 26. c5 Rc7 27. Qa6 Re7 28.
Bh3 Qe8 29. Qd6 {Cerny prekrocil cas.} 1-0

[Event "15MCR_F"]
[Site "?"]
[Date "2001.??.??"]
[Round "?"]
[White "Ridky, Vladimir"]
[Black "Rybak, Milan"]
[Result "1/2-1/2"]
[WhiteElo "2275"]
[BlackElo "2410"]
[PlyCount "61"]
[EventDate "2001.??.??"]
[EventType "corr"]
[Source "Chess Mail Ltd"]
[SourceDate "2005.07.27"]

1. d4 Nf6 2. Bg5 Ne4 3. Bf4 c5 4. f3 Qa5+ 5. c3 Nf6 6. Nd2 cxd4 7. Nb3 Qb6 8.
Qxd4 Nc6 9. Qxb6 axb6 10. Nd4 e5 11. Nxc6 exf4 12. Nd4 g6 13. g3 Bd6 14. Nb5
Bb8 15. gxf4 Bxf4 16. e3 Be5 17. Bc4 d5 18. Bb3 Bd7 19. Nd4 O-O 20. Nge2 Rfe8
21. Kf2 Bd6 22. Rad1 Re7 23. Nc2 Bc6 24. Nf4 Re5 25. Nb4 Bc5 26. Nfxd5 Kg7 27.
Nxf6 Bxe3+ 28. Kg3 Kxf6 29. Nxc6 bxc6 30. Rd7 Rg5+ 31. Kh3 1/2-1/2

[Event "15MCR_F"]
[Site "?"]
[Date "2001.??.??"]
[Round "?"]
[White "Hybl, Vladislav"]
[Black "Svoboda, Frantisek"]
[Result "1/2-1/2"]
[WhiteElo "2240"]
[BlackElo "2420"]
[PlyCount "61"]
[EventDate "2001.??.??"]
[EventType "corr"]
[Source "Chess Mail Ltd"]
[SourceDate "2005.07.27"]

1. d4 Nf6 2. c4 c5 3. d5 b5 4. cxb5 a6 5. f3 axb5 6. e4 Qa5+ 7. Bd2 b4 8. Na3
d6 9. Nc4 Qd8 10. a3 e6 11. dxe6 Bxe6 12. axb4 Rxa1 13. Qxa1 d5 14. Ne5 dxe4
15. Bb5+ Nfd7 16. Qa8 cxb4 17. Qxe4 Qb6 18. Nxd7 Nxd7 19. Qa8+ Qd8 20. Qxd8+
Kxd8 21. Ne2 Bc5 22. Nf4 Re8 23. Kf1 Kc7 24. g3 Kb6 25. Nxe6 Rxe6 26. Bxd7 Rd6
27. Bxb4 Bxb4 28. Be8 f5 29. Bf7 Rd1+ 30. Kg2 Rd2+ 31. Kh3 1/2-1/2

[Event "15MCR_F"]
[Site "?"]
[Date "2001.??.??"]
[Round "?"]
[White "Foukal, Zdenek"]
[Black "Kudela, Stanislav"]
[Result "1-0"]
[WhiteElo "2335"]
[BlackElo "2440"]
[PlyCount "47"]
[EventDate "2001.??.??"]
[EventType "corr"]
[Source "Chess Mail Ltd"]
[SourceDate "2005.07.27"]

1. d4 Nf6 2. c4 e6 3. Nf3 c5 4. d5 exd5 5. cxd5 d6 6. Nc3 g6 7. Bf4 a6 8. e4 b5
9. Qe2 Nh5 10. Bg5 f6 11. Be3 Be7 12. Qd2 Nd7 13. Be2 Kf7 14. a3 Re8 15. O-O
Ng7 16. b4 Bb7 17. Rfb1 Qc7 18. a4 bxa4 19. Nxa4 Reb8 20. Rc1 Re8 21. Qa2 Kf8
22. Nd4 Bc8 23. Nc6 Ne5 24. bxc5 {
# Cerny vystoupil z turnaje v prohrane pozici.} 1-0

[Event "15MCR_F"]
[Site "?"]
[Date "2001.??.??"]
[Round "?"]
[White "Foukal, Zdenek"]
[Black "Vrkoc, David"]
[Result "0-1"]
[WhiteElo "2335"]
[BlackElo "2355"]
[PlyCount "76"]
[EventDate "2001.??.??"]
[EventType "corr"]
[Source "Chess Mail Ltd"]
[SourceDate "2005.07.27"]

1. d4 Nf6 2. c4 e6 3. Nc3 c5 4. d5 exd5 5. cxd5 d6 6. e4 g6 7. f4 Bg7 8. Bb5+
Nfd7 9. a4 O-O 10. Nf3 Na6 11. O-O Nc7 12. Bd3 Rb8 13. a5 a6 14. Re1 Re8 15.
Be3 b5 16. axb6 Rxb6 17. Qc1 Nf6 18. Bf2 Bd7 19. Nd2 Ng4 20. Nc4 Nxf2 21. Kxf2
Bd4+ 22. Kg3 Rb4 23. Nxd6 Re5 24. fxe5 Bxe5+ 25. Kf2 Qh4+ 26. Kf1 Rb6 27. Nf5
gxf5 28. exf5 Bd4 29. Re2 Qxh2 30. Ke1 Qg3+ 31. Kd2 Nxd5 32. Nxd5 Rxb2+ 33.
Qxb2 Bxb2 34. Rxa6 Qg5+ 35. Ne3 Qf4 36. Rb6 Bd4 37. Rb7 Ba4 38. g3 Qxg3 0-1

[Event "15MCR_F"]
[Site "?"]
[Date "2001.??.??"]
[Round "?"]
[White "Hybl, Vladislav"]
[Black "Vaindl, Jaroslav"]
[Result "1/2-1/2"]
[WhiteElo "2240"]
[BlackElo "2325"]
[PlyCount "106"]
[EventDate "2001.??.??"]
[EventType "corr"]
[Source "Chess Mail Ltd"]
[SourceDate "2005.07.27"]

1. d4 Nf6 2. c4 c5 3. d5 e6 4. Nc3 exd5 5. cxd5 d6 6. e4 g6 7. f4 Bg7 8. Bb5+
Nfd7 9. a4 Qh4+ 10. g3 Qd8 11. Nf3 O-O 12. O-O a6 13. Be2 Re8 14. Qc2 Nf6 15.
Kg2 b6 16. Bd2 Ra7 17. Rae1 Rae7 18. Bd3 Bg4 19. h3 c4 20. Be2 Bxf3+ 21. Bxf3
Nbd7 22. Na2 Nc5 23. Nb4 Qd7 24. Nc6 Rxe4 25. Bxe4 Ncxe4 26. Bc1 b5 27. axb5
axb5 28. Qd1 Nc5 29. Rxe8+ Qxe8 30. Re1 Nfe4 31. Re2 f5 32. Nb4 Qa8 33. Qc2 Nf6
34. Qd1 Nd3 35. Nxd3 Qxd5+ 36. Kh2 cxd3 37. Rd2 Qc5 38. b4 Qxb4 39. Rxd3 Ne4
40. Qb3+ Qc4 41. Kg2 Bc3 42. Qxc4+ bxc4 43. Rd5 Kf7 44. Kf3 Ke6 45. Rb5 h5 46.
g4 hxg4+ 47. hxg4 Nd2+ 48. Ke2 Nb3 49. gxf5+ gxf5 50. Be3 Nd4+ 51. Bxd4 Bxd4
52. Kd2 Bf2 53. Kc3 Be3 1/2-1/2

[Event "15MCR_F"]
[Site "?"]
[Date "2001.??.??"]
[Round "?"]
[White "Hybl, Vladislav"]
[Black "Vrkoc, David"]
[Result "1/2-1/2"]
[WhiteElo "2240"]
[BlackElo "2355"]
[PlyCount "113"]
[EventDate "2001.??.??"]
[EventType "corr"]
[Source "Chess Mail Ltd"]
[SourceDate "2005.07.27"]

1. d4 Nf6 2. c4 e6 3. Nc3 c5 4. d5 exd5 5. cxd5 d6 6. e4 g6 7. f4 Bg7 8. Bb5+
Nfd7 9. a4 O-O 10. Nf3 Na6 11. O-O Nc7 12. Be2 Rb8 13. Qc2 a6 14. Bd2 b5 15.
axb5 axb5 16. Be1 f5 17. exf5 Rxf5 18. Bd3 Rxf4 19. Bg3 Rg4 20. Bxd6 c4 21. Be4
Nf6 22. Be5 Nxe4 23. Bxg7 Bf5 24. Be5 Nxd5 25. Nxe4 Bxe4 26. Qd2 Qb6+ 27. Bd4
Qd6 28. h3 Rf4 29. Be5 Qb6+ 30. Qf2 Bxf3 31. Qxb6 Rxb6 32. Bxf4 Nxf4 33. Rxf3
Nd3 34. Ra8+ Kg7 35. Ra7+ Kh6 36. Rff7 Kg5 37. Rxh7 b4 38. Rae7 Rf6 39. Re2 Rc6
40. h4+ Kg4 41. Re4+ Kf5 42. Rhe7 c3 43. bxc3 bxc3 44. g4+ Kf6 45. g5+ Kf5 46.
Kg2 Rc5 47. Kf3 Ne5+ 48. Ke3 Nc4+ 49. Kd4 Nd6 50. Re1 Rc8 51. Rg1 Kf4 52. Re2
Nf5+ 53. Kd3 c2 54. Rf2+ Ke5 55. Re1+ Kd5 56. Rc1 Nxh4 57. Rcxc2 1/2-1/2

[Event "15MCR_F"]
[Site "?"]
[Date "2001.??.??"]
[Round "?"]
[White "Ridky, Vladimir"]
[Black "Kudela, Stanislav"]
[Result "1-0"]
[WhiteElo "2275"]
[BlackElo "2440"]
[PlyCount "45"]
[EventDate "2001.??.??"]
[EventType "corr"]
[Source "Chess Mail Ltd"]
[SourceDate "2005.07.27"]

1. d4 Nf6 2. c4 e6 3. Nc3 c5 4. d5 exd5 5. cxd5 d6 6. e4 g6 7. f4 Bg7 8. Bb5+
Nfd7 9. a4 O-O 10. Nf3 Na6 11. O-O Nc7 12. Be2 Rb8 13. Nd2 Bd4+ 14. Kh1 Nf6 15.
Bf3 Re8 16. Ra3 b5 17. Nxb5 Nxb5 18. axb5 Rxb5 19. Rxa7 Rb4 20. b3 Bd7 21. Qc2
Qb8 22. Ra2 Ng4 23. Bxg4 1-0

[Event "15MCR_F"]
[Site "?"]
[Date "2001.??.??"]
[Round "?"]
[White "Vaindl, Jaroslav"]
[Black "Vrkoc, David"]
[Result "1/2-1/2"]
[WhiteElo "2325"]
[BlackElo "2355"]
[PlyCount "91"]
[EventDate "2001.??.??"]
[EventType "corr"]
[Source "Chess Mail Ltd"]
[SourceDate "2005.07.27"]

1. d4 Nf6 2. c4 e6 3. Nc3 c5 4. d5 exd5 5. cxd5 d6 6. e4 g6 7. f4 Bg7 8. Bb5+
Nfd7 9. a4 O-O 10. Nf3 Na6 11. O-O Nc7 12. Bd3 Rb8 13. Be3 a6 14. a5 b5 15.
axb6 Nxb6 16. Bf2 f5 17. Bh4 Qd7 18. exf5 gxf5 19. Re1 Re8 20. Qb3 h6 21. Rxe8+
Nxe8 22. Re1 Nf6 23. Bf2 Ng4 24. Bh4 Nf6 25. Kh1 Qf7 26. Nd2 Qh5 27. Bg3 Qf7
28. Nc4 Nh5 29. Bh4 Nxf4 30. Bf1 Nd7 31. Qc2 Be5 32. Bg3 Nh5 33. Bxe5 dxe5 34.
Nxe5 Nxe5 35. Rxe5 Qf6 36. Re8+ Kf7 37. Re3 Rb4 38. Na4 f4 39. Ra3 Qd4 40. d6
Nf6 41. Rd3 Qc4 42. Qb1 Qb5 43. Re3 fxe3 44. Bxb5 axb5 45. Nc3 Rd4 46. Qe1
1/2-1/2

[Event "15MCR_F"]
[Site "?"]
[Date "2001.??.??"]
[Round "?"]
[White "Hybl, Jaroslav"]
[Black "Kudela, Stanislav"]
[Result "1-0"]
[WhiteElo "2420"]
[BlackElo "2440"]
[PlyCount "57"]
[EventDate "2001.??.??"]
[EventType "corr"]
[Source "Chess Mail Ltd"]
[SourceDate "2005.07.27"]

1. d4 Nf6 2. c4 e6 3. Nc3 c5 4. d5 exd5 5. cxd5 d6 6. e4 g6 7. Nf3 a6 8. h3 b5
9. Bd3 Bg7 10. O-O c4 11. Bc2 O-O 12. Bf4 Re8 13. Re1 Nh5 14. Bg5 Qc7 15. e5 f6
16. exf6 Nxf6 17. Bxf6 Rxe1+ 18. Qxe1 Bxf6 19. Qe8+ Kg7 20. Re1 Qd7 21. Qe3 Qd8
22. b3 cxb3 23. axb3 Nd7 24. Ne4 Qf8 25. Nd4 Kh8 26. Ne6 Qe7 27. Nxf6 Nxf6 28.
Qc3 b4 29. Qa1 {Cerny vystoupil z turnaje} 1-0

[Event "15MCR_F"]
[Site "?"]
[Date "2001.??.??"]
[Round "?"]
[White "Hybl, Jaroslav"]
[Black "Vrkoc, David"]
[Result "1/2-1/2"]
[WhiteElo "2420"]
[BlackElo "2355"]
[PlyCount "59"]
[EventDate "2001.??.??"]
[EventType "corr"]
[Source "Chess Mail Ltd"]
[SourceDate "2005.07.27"]

1. d4 Nf6 2. c4 e6 3. Nc3 c5 4. d5 exd5 5. cxd5 d6 6. e4 g6 7. Nf3 Bg7 8. h3
O-O 9. Bd3 Re8 10. O-O Nbd7 11. Re1 a6 12. Bf4 Qc7 13. Qd2 Nh5 14. Bh6 b5 15.
Bxg7 Nxg7 16. Rac1 Qd8 17. Ne2 Qf6 18. Ng3 Ne5 19. Nxe5 Qxe5 20. Be2 Qf6 21. f4
Qh4 22. Kh2 Bd7 23. Bd1 g5 24. fxg5 Re5 25. Rc3 Qxg5 26. Qxg5 Rxg5 27. e5 Rxe5
28. Rxe5 dxe5 29. Ne4 Rd8 30. Nxc5 1/2-1/2

[Event "15MCR_F"]
[Site "?"]
[Date "2001.??.??"]
[Round "?"]
[White "Straka, Zdenek"]
[Black "Vaindl, Jaroslav"]
[Result "1/2-1/2"]
[WhiteElo "2355"]
[BlackElo "2325"]
[PlyCount "65"]
[EventDate "2001.??.??"]
[EventType "corr"]
[Source "Chess Mail Ltd"]
[SourceDate "2005.07.27"]

1. d4 Nf6 2. c4 c5 3. d5 e6 4. Nc3 exd5 5. cxd5 d6 6. e4 g6 7. h3 Bg7 8. Nf3
O-O 9. Bd3 b5 10. Bxb5 Nxe4 11. Nxe4 Qa5+ 12. Nfd2 Qxb5 13. Nxd6 Qa6 14. N2c4
Rd8 15. Bf4 Nd7 16. O-O Nb6 17. Nxb6 Qxb6 18. Nxc8 Raxc8 19. Rb1 Qb7 20. d6 Bf8
21. Qd3 Bxd6 22. Bxd6 Rc6 23. Rfd1 Qd7 24. Qa3 Rxd6 25. Rxd6 Qxd6 26. Qxa7 Re8
27. a3 Qd4 28. b3 Re2 29. Rf1 Rd2 30. a4 Kg7 31. Qb8 Ra2 32. Qc7 h5 33. h4
1/2-1/2

[Event "15MCR_F"]
[Site "?"]
[Date "2001.??.??"]
[Round "?"]
[White "Straka, Zdenek"]
[Black "Vrkoc, David"]
[Result "1/2-1/2"]
[WhiteElo "2355"]
[BlackElo "2355"]
[PlyCount "31"]
[EventDate "2001.??.??"]
[EventType "corr"]
[Source "Chess Mail Ltd"]
[SourceDate "2005.07.27"]

1. d4 Nf6 2. Nf3 e6 3. c4 c5 4. d5 exd5 5. cxd5 d6 6. Nc3 g6 7. h3 Bg7 8. e4
O-O 9. Bd3 Re8 10. O-O Nbd7 11. Bf4 c4 12. Bc2 Nc5 13. Re1 b5 14. a3 Qb6 15.
Qd2 Nfd7 16. Bh6 1/2-1/2

[Event "15MCR_F"]
[Site "?"]
[Date "2001.??.??"]
[Round "?"]
[White "Straka, Zdenek"]
[Black "Kudela, Stanislav"]
[Result "1-0"]
[WhiteElo "2355"]
[BlackElo "2440"]
[PlyCount "60"]
[EventDate "2001.??.??"]
[EventType "corr"]
[Source "Chess Mail Ltd"]
[SourceDate "2005.07.27"]

1. d4 Nf6 2. c4 e6 3. Nf3 c5 4. d5 d6 5. Nc3 exd5 6. cxd5 g6 7. e4 a6 8. a4 Bg4
9. Be2 Bxf3 10. Bxf3 Nbd7 11. O-O Bg7 12. a5 O-O 13. Bf4 Qe7 14. Qd2 Rfe8 15.
Rfe1 h5 16. h3 Nh7 17. Bd1 Ne5 18. Na4 Nd7 19. Rc1 Rac8 20. b4 cxb4 21. Rxc8
Rxc8 22. Qxb4 Ne5 23. Nb6 Rc7 24. Be2 Rc2 25. Be3 Qc7 26. f4 Nd7 27. e5 dxe5
28. d6 Qc3 29. Qxc3 Rxc3 30. Bf3 exf4 1-0

[Event "15MCR_F"]
[Site "?"]
[Date "2001.??.??"]
[Round "?"]
[White "Hybl, Jaroslav"]
[Black "Hybl, Vladislav"]
[Result "1/2-1/2"]
[WhiteElo "2420"]
[BlackElo "2240"]
[PlyCount "50"]
[EventDate "2001.??.??"]
[EventType "corr"]
[Source "Chess Mail Ltd"]
[SourceDate "2005.07.27"]

1. d4 f5 2. g3 Nf6 3. Bg2 e6 4. c4 d5 5. Nh3 c6 6. O-O Bd6 7. Nd2 O-O 8. Qc2 b6
9. Nf3 Ba6 10. cxd5 cxd5 11. Bf4 h6 12. Rfc1 g5 13. Bxd6 Qxd6 14. Ne5 Nbd7 15.
Qc6 Qxc6 16. Rxc6 Rfe8 17. Nxd7 Nxd7 18. Bf1 Rac8 19. Rac1 Nb8 20. Rxc8 Rxc8
21. Rxc8+ Bxc8 22. e3 f4 23. Kg2 fxe3 24. fxe3 Ba6 25. Bxa6 Nxa6 1/2-1/2

[Event "15MCR_F"]
[Site "?"]
[Date "2001.??.??"]
[Round "?"]
[White "Ridky, Vladimir"]
[Black "Hybl, Vladislav"]
[Result "1-0"]
[WhiteElo "2275"]
[BlackElo "2240"]
[PlyCount "101"]
[EventDate "2001.??.??"]
[EventType "corr"]
[Source "Chess Mail Ltd"]
[SourceDate "2005.07.27"]

1. d4 f5 2. g3 Nf6 3. Bg2 e6 4. c4 d5 5. Nh3 c6 6. Qc2 Bd6 7. Nd2 O-O 8. O-O b6
9. Nf3 Ba6 10. b3 Qe7 11. Nf4 Nbd7 12. Bb2 Ne4 13. Ne5 Nxe5 14. dxe5 Bc5 15.
Nd3 dxc4 16. bxc4 Rfd8 17. e3 Bb4 18. Rfd1 Ba5 19. Rac1 Rd7 20. Bxe4 fxe4 21.
Nf4 Rad8 22. Rxd7 Qxd7 23. Qxe4 c5 24. Qf3 Qd2 25. Nxe6 Qxb2 26. Rd1 Rxd1+ 27.
Qxd1 Qxe5 28. Qd7 Qa1+ 29. Kg2 h6 30. Qe8+ Kh7 31. Nf8+ Kg8 32. Nd7+ Kh7 33.
Qe4+ Kg8 34. Qd5+ Kh8 35. Qa8+ Kh7 36. Nf8+ Kg8 37. Ng6+ Kh7 38. Ne7 Bb7+ 39.
Qxb7 Qe5 40. e4 Qe6 41. Nf5 Bc3 42. Qd5 Qxd5 43. cxd5 Kg6 44. Ne7+ Kf7 45. Nc8
Bb4 46. Nxa7 c4 47. Nc6 Bd6 48. f4 c3 49. Nd4 Bc5 50. Nc2 b5 51. Kf3 1-0

[Event "15MCR_F"]
[Site "?"]
[Date "2001.??.??"]
[Round "?"]
[White "Boukal, Petr"]
[Black "Doudera, Lubomir"]
[Result "1/2-1/2"]
[WhiteElo "2450"]
[BlackElo "2240"]
[PlyCount "85"]
[EventDate "2001.??.??"]
[EventType "corr"]
[Source "Chess Mail Ltd"]
[SourceDate "2005.07.27"]

1. e4 d5 2. exd5 Qxd5 3. Nc3 Qa5 4. d4 Nf6 5. Nf3 Bg4 6. h3 Bh5 7. g4 Bg6 8.
Ne5 e6 9. Bg2 c6 10. h4 Be4 11. Bxe4 Nxe4 12. Qf3 Nd6 13. Bf4 f6 14. Nd3 Nb5
15. O-O Nxd4 16. Qe4 Qd8 17. Rad1 Be7 18. Be3 e5 19. Nc1 c5 20. Nd5 Nd7 21. c3
Nc6 22. Rd2 Qc8 23. Nxe7 Nxe7 24. Rfd1 Nb6 25. Nb3 h5 26. g5 Qg4+ 27. Qxg4 hxg4
28. Nxc5 Nf5 29. Nxb7 Nxh4 30. Nd6+ Ke7 31. Kf1 Nf3 32. Rd3 Rh1+ 33. Ke2 Rxd1
34. Rxd1 Na4 35. Bc1 Rg8 36. gxf6+ gxf6 37. Nc4 f5 38. Ne3 Ke6 39. Rh1 Rd8 40.
Rh6+ Kf7 41. Nxf5 Ng1+ 42. Ke1 Nf3+ 43. Ke2 1/2-1/2

[Event "15MCR_F"]
[Site "?"]
[Date "2001.??.??"]
[Round "?"]
[White "Kostal, Jindrich"]
[Black "Doudera, Lubomir"]
[Result "1-0"]
[WhiteElo "2305"]
[BlackElo "2240"]
[PlyCount "87"]
[EventDate "2001.??.??"]
[EventType "corr"]
[Source "Chess Mail Ltd"]
[SourceDate "2005.07.27"]

1. e4 d5 2. exd5 Qxd5 3. Nc3 Qa5 4. d4 Nf6 5. Nf3 Bg4 6. h3 Bh5 7. g4 Bg6 8.
Ne5 e6 9. Bg2 c6 10. h4 Be4 11. Bxe4 Nxe4 12. Qf3 Nd6 13. Bd2 f6 14. Nd3 Nd7
15. O-O-O O-O-O 16. Qe2 Re8 17. Kb1 Nc4 18. h5 Qb6 19. Be3 Bb4 20. Ne4 Ba3 21.
Bc1 f5 22. Nd2 Nxd2+ 23. Bxd2 e5 24. dxe5 Nxe5 25. Bc3 Nxg4 26. Qd2 Bf8 27. Qf4
Nh6 28. Ne5 Rg8 29. Rhe1 Qc7 30. Rd7 Qxd7 31. Nxd7 Rxe1+ 32. Bxe1 Kxd7 33. Qb8
b5 34. Qb7+ Kd6 35. Bd2 g5 36. Qc8 Kd5 37. Qd7+ Bd6 38. b3 Ke5 39. c4 bxc4 40.
Bc3+ Kd5 41. bxc4+ Kxc4 42. Qxc6+ Kd3 43. Bb2 Ke2 44. Qxd6 1-0

[Event "15MCR_F"]
[Site "?"]
[Date "2001.??.??"]
[Round "?"]
[White "Omelka, Roman"]
[Black "Doudera, Lubomir"]
[Result "1-0"]
[WhiteElo "2270"]
[BlackElo "2240"]
[PlyCount "81"]
[EventDate "2001.??.??"]
[EventType "corr"]
[Source "Chess Mail Ltd"]
[SourceDate "2005.07.27"]

1. e4 d5 2. exd5 Qxd5 3. Nc3 Qa5 4. d4 Nf6 5. Nf3 Bg4 6. h3 Bh5 7. g4 Bg6 8. b4
Qxb4 9. Bd2 Qd6 10. Rb1 Nd5 11. Rxb7 Nxc3 12. Bxc3 Be4 13. Rb3 Bd5 14. Bb4 Qc6
15. c4 Bxc4 16. Bxc4 Qxc4 17. Ne5 Qd5 18. O-O f6 19. Nd3 g5 20. Rc3 a5 21. Ba3
c6 22. Re1 h5 23. Nc5 Na6 24. Nxa6 Rxa6 25. Bxe7 Bxe7 26. Qb1 Qd8 27. Rce3 Ra8
28. Qb7 Rh7 29. Qxc6+ Kf8 30. Rxe7 Rxe7 31. Qxf6+ Ke8 32. Rxe7+ Qxe7 33. Qc6+
Kf7 34. Qxa8 hxg4 35. hxg4 Qe6 36. Qf3+ Kg6 37. d5 Qd7 38. Qf5+ Qxf5 39. gxf5+
Kxf5 40. Kg2 Ke5 41. Kg3 1-0